00354nam a22001457a 4500003000400000008004100004020001800045082001400063100001900077245002200096250001300118260005400131300001100185650001200196OSt240401b |||||||| |||| 00| 0 eng d a9789389802894 a572.4 SRN aSRILAKSHMI, B. aNutrition Science a8th. ed. aNew DelhibNew Age International Pvt. Ltd. c2024 a513 p. aB. FAD.